000 00869nam a2200265 i 4500
001 178464
003 ES-MaACL
005 20250818023910.0
008 110602s1943 it f |||| |dita d
080 _a75 Il Veronese
100 1 _aPallucchini, Rodolfo.
_988603
245 1 0 _aVeronese /
_cRodolfo Pallucchini.
250 _a2ª ed.
260 _aBergamo :
_bIstituto Italiano d'Arti Grafiche,
_c1943.
300 _a52, 152 p. de lám., [1] h. lám. col. ;
_c26 cm.
490 1 _aI grandi artisti italiani ;
_v1
500 _aÍndices.
504 _aBibliografía: p. 47-48.
546 _aTexto en italiano.
600 0 4 _aIl Veronese,
_d1528-1588
_965165
710 2 _aIstituto Italiano d'Arti Grafiche.
_9146842
830 0 _aI grandi artisti italiani ;
_v1
_9190981
852 _aES-MaACL
_jE-15213
_xOlim P-941
999 _c178464
_d178464